000 01023nam a2200313 i 4500
999 _c200429160
_d47084
001 200429160
003 TR-AnTOB
005 20220408001107.0
007 ta
008 180319s2001 tur|un| | d
024 _a40917773
040 _aTR-AnTOB
_beng
_erda
_cTR-AnTOB
041 _atur
050 0 _aDR592.K4
090 _aDR592.K4
_b.D8 2001
245 0 0 _aDüşünce ve davranışları ile Atatürk /
_cGenel Kurmay Askeri Tarih ve Stratejik Etüt Başkanlığı.
264 1 _aAnkara :
_bGenel Kurmay Askeri Tarih ve Stratejik Etüt Başkanlığı Yayınları,
_c2001.
300 _a124 pages :
_c23 cm.
336 _atext
_2rdacontent
337 _aunmediated
_2rdamedia
338 _avolume
_2rdacarrier
590 _aDonated by Levent Kuşoğlu
600 1 0 _aAtatürk, Mustafa Kemal
_d1881-1938
_920781
650 0 _aKemalizm
_912479
650 0 _aKemalism
_9117908
710 _aTürkiye.
_bAskeri Tarih ve Stratejik Etüt Başkanlığı
_940284
942 _2lcc
_cBK